[Event "Gibraltar Masters 10th"]
[Site "Caleta"]
[Date "2012.01.28"]
[Round "5"]
[White "Bologan, Viktor"]
[Black "Dvirnyy, Danyyil"]
[Result "1-0"]
[WhiteElo "2680"]
[BlackElo "2492"]
[Annotator "Bologan,V"]
[PlyCount "73"]
[EventDate "2012.01.24"]
[EventType "swiss"]
[EventRounds "10"]
[EventCountry "GGB"]
[SourceTitle "CBM 147"]
[Source "ChessBase"]
[SourceDate "2012.03.16"]
[SourceVersion "1"]
[SourceVersionDate "2012.03.16"]
[SourceQuality "1"]

1. e4 e6 2. d3 d5 3. Qe2 Nf6 4. Nf3 c5 5. g3 {I choose the King's Indian setup
for White against the French for many reasons, one of them being complexity of
the game in this type of positions.} Nc6 6. Bg2 Be7 7. O-O b6 8. e5 Nd7 9. c4 {
White can also choose a more flexible setup with c3, but on that day I decided
to play in more straightforward way.} d4 10. h4 {perhaps better and more sound
from positioonal point of view would be to defend the e5-pawn with its f2
colleague} (10. Nfd2 $1 Bb7 11. f4 O-O 12. Ne4 $14) 10... h6 {The main
strategic idea for Black in these types of position is to play ...g5 in order
to attack the e5-pawn and also to open files on the kingside.} 11. h5 $1 {
Stopping for a while ...g5.} Qc7 12. Bf4 Bb7 13. Nbd2 O-O-O 14. Rfe1 {A
slightly inexact move.} ({I should definitely have spent more time here in
order to convince myself that after} 14. Ne4 $5 {White is not afraid of losing
a pawn} Ncxe5 15. Nxe5 Nxe5 16. a3 {it's not so easy to get rid of the pin} a5
17. Rae1 f6 18. Bxe5 fxe5 19. Bh3 $14) 14... Rdg8 {Black should take advantage
of White's slow 14th move and to go for the immediate} (14... g5 $1 15. hxg6
fxg6 16. Ne4 (16. g4 h5 17. g5 h4 18. Bh3 Rdf8 19. Bh2 Nd8 20. Ne4 $13) 16...
g5 17. Nd6+ Bxd6 18. exd6 Qb8 19. Bc1 Qxd6 20. a3 Na5) 15. Ne4 g5 {Now this is
not so strong, especially as the pawn on e6 is hanging if Black takes on g6
with the pawn.} (15... Kb8 16. Nd6) 16. hxg6 Rxg6 (16... fxg6 $6 17. Nd6+ Kb8 (
17... Bxd6 18. exd6 $18) 18. Nxb7 Qxb7 19. Bd2 g5 20. a3 $16) 17. a3 $5 ({
It was also possible to go for} 17. Nd6+ Bxd6 18. exd6 Qd8 19. a3 Rf6 20. Bc1 (
20. b4 Rxf4 {!} 21. gxf4 Rg8 22. Kh1 Qf6) 20... Rg8 21. b4 Kb8 22. Bd2 $14)
17... h5 18. b4 {A typical attack on the queenside. Of course Black is not
suicidal enough to take the pawn.} Rhg8 (18... Kb8 19. Nd6 Ba8 20. b5 Na5 21.
Nxf7 Rhg8 22. Kh2 R8g7 23. Nd6 $14) 19. Nd6+ Bxd6 20. exd6 {There is a
fifty-fifty, that White will lose the pawn on d6, so he has to hurry up with
his initiative.} Qd8 21. b5 (21. Kf1 {a subtle move which was recommended to
me by Houdini, but I still prefer the human 21.b5.} Rg4 $1 (21... Kb8 22. Ra2
cxb4 23. axb4 Nxb4 24. Rb2 Nc6 25. c5 $1) 22. Bh3 Rxf4 23. gxf4 Qf6) 21... Na5
22. Ne5 (22. Kh2 Rg4 23. Bh3 Qf6) 22... Nxe5 23. Qxe5 Bxg2 (23... h4 24. Bxb7+
Nxb7 25. Qe4 Qd7 26. a4 hxg3 27. fxg3 Kd8 28. a5 bxa5 29. Kf2 Nxd6 30. Qc6 Nb7
31. Re5 Rh8 32. Bg5+ f6 33. Rd5 $3 exd5 34. Bxf6+ Rxf6+ 35. Qxf6+ Kc7 36. Qxh8
$14) 24. Kxg2 h4 25. Qe4 Kd7 26. Rh1 Rg4 27. Rh3 (27. f3 Rxg3+ 28. Bxg3 Rxg3+
29. Kf2 Qg5 30. Rag1 Qd2+ 31. Qe2 Qg5 32. Qe4 $11) 27... Qf6 28. Kf3 (28. Kh1
$6) 28... Qh8 $2 {Until this point both opponents had played a decent game
with a clear strategy, with good moves and ideas. The first to make a mistake
happened to be the younger of the two. Instead of this Black should keep the
tension with} (28... hxg3 29. fxg3 Qg6 $1 {not being afraid to move into an
endgame.} 30. Qxg6 R4xg6 31. Rh7 R6g7 32. Rah1 f6 33. Rxg7+ Rxg7 34. Rh8 {
During the game I was considering this position as better for White due to the
completely misplaced knight on a5. But at home the computer showed me that
Black holds.} e5 35. Bd2 Nb3 36. Bh6 Rf7 (36... Rg6 37. Ke4 Ke6 38. Re8+ Kxd6
39. Bf8+ Kd7 40. Re7+ Kc8 41. Rxa7 $14) 37. Ke4 Ke6 38. g4 Na1 39. g5 fxg5 40.
Bxg5 Kxd6 41. Rh6+ Kd7 42. Kxe5 Nc2 $11) (28... Qg7 29. Re1 hxg3 30. fxg3 Qg6
31. Qxg6 R4xg6 32. Rh7 R6g7 33. Reh1) 29. Rah1 f5 $2 (29... Qh5 30. Kg2 $14)
30. Qe5 $18 Rxf4+ $1 {The last attempt which is very easy to face with the
second Houdini on your right, but much more difficult to calculate it over the
board. It cost me some more nervous tension.} (30... Qh5 31. Kg2 Nb7 32. f3
R4g7 33. Rxh4 $18) 31. Qxf4 Rg4 {Actually that was the main question where to
go with the queen. It was not so easy to find the difference.} (31... Qh5+ 32.
Kg2) 32. Qc1 $1 (32. Qd2 {after this move the fact that the queen doesn't
protect h1 can be important} Qa8+ 33. Ke2 Nxc4 34. dxc4 Qe4+ 35. Kf1 hxg3 36.
fxg3 Qf3+ 37. Qf2 Qc3 38. Kg2 Qxc4 $16) 32... Qa8+ 33. Ke2 Nb3 (33... hxg3 34.
f3 g2 35. fxg4 gxh1=Q 36. Qxh1 $18) 34. Qc2 hxg3 35. f3 $1 Rg5 36. Qxb3 f4 37.
Qd1 1-0

[Event "Dos Hermanas op 5th"]
[Site "Dos Hermanas"]
[Date "2006.04.02"]
[Round "4"]
[White "Garcia Luque, Agustin"]
[Black "Dizdar, Goran"]
[Result "0-1"]
[WhiteElo "2355"]
[BlackElo "2531"]
[Annotator "CB"]
[PlyCount "85"]
[EventDate "2006.03.30"]
[EventType "swiss"]
[EventRounds "9"]
[EventCountry "ESP"]
[SourceTitle "CBM 111 Extra"]
[Source "ChessBase"]
[SourceDate "2006.05.09"]
[SourceVersion "1"]
[SourceVersionDate "2006.05.09"]
[SourceQuality "1"]

1. e4 e6 2. d3 d5 3. Nd2 Nf6 4. Ngf3 Be7 5. g3 b5 6. Be2 c5 7. O-O Nc6 8. Re1
b4 9. exd5 Nxd5 10. a3 O-O 11. axb4 cxb4 12. Nc4 Bb7 13. h4 a5 14. d4 Qc7 15.
Ng5 Rad8 16. Qd3 Bxg5 17. Bxg5 Rd7 (17... f6) 18. Bf1 h6 19. Bc1 Rc8 {Diagrama
#} 20. Nd2 $2 Nf6 $2 (20... Nf4 21. gxf4 Nxd4 $19) 21. c3 e5 22. Ne4 Nxe4 23.
Rxe4 exd4 $2 (23... Rcd8 $17) 24. Bf4 Qd8 (24... dxc3 25. Bxc7 Rxd3 26. Bxd3 f5
27. Re2 Rxc7 28. bxc3 bxc3 $17) 25. Bh3 bxc3 26. bxc3 Rd5 (26... Ne7) 27. Bxc8
Bxc8 28. Rae1 Be6 29. Bxh6 $16 Qd7 30. Bc1 dxc3 31. Qxc3 Rd3 32. Qc2 Bf5 33.
Re8+ Kh7 34. Qc5 Nd4 {Diagrama #} 35. Bb2 $2 (35. R8e3 Nf3+ 36. Rxf3 Rxf3 37.
Qxa5 $14) 35... Nf3+ 36. Kh1 f6 (36... Nxe1 37. Rxe1 Rd1 38. Kh2 Rxe1 39. Qc3
f6 40. Qxe1 a4 $17) 37. Qf8 $2 (37. R8e7 $18) 37... Be4 $2 (37... Nxe1 38. Qh8+
Kg6 39. Rxe1 Be4+ 40. Kh2 Rd2 $19) 38. Qh8+ Kg6 39. h5+ Kg5 40. Bc1+ $2 (40.
Bxf6+ $1 gxf6 (40... Kxf6 41. Qf8+ Qf7 42. R1xe4) 41. Rg8+ Kf5 42. g4+ Ke5 43.
Re8+ $18) 40... Rd2 $19 41. g4 Qc7 42. Bxd2+ Kh4 43. Kg2 0-1

[Event "Grenke Chess Classic 1st"]
[Site "Baden-Baden"]
[Date "2013.02.17"]
[Round "10"]
[White "Adams, Michael"]
[Black "Meier, Georg"]
[Result "1/2-1/2"]
[WhiteElo "2725"]
[BlackElo "2640"]
[Annotator "CB"]
[PlyCount "63"]
[EventDate "2013.02.07"]
[EventType "tourn"]
[EventRounds "10"]
[EventCountry "GER"]
[EventCategory "19"]
[SourceTitle "CBM 153"]
[Source "ChessBase"]
[SourceDate "2013.03.14"]
[SourceVersion "1"]
[SourceVersionDate "2013.03.14"]
[SourceQuality "1"]

1. e4 e6 2. d3 d5 3. Qe2 Nf6 4. Nf3 Nc6 5. e5 Nd7 6. g3 f6 7. exf6 Qxf6 8. Bg2
Bd6 9. O-O O-O 10. c4 Nc5 11. Nc3 dxc4 12. dxc4 e5 {Adams chose} 13. Ne4 $6 ({
instead of the natural} 13. Nd5) 13... Nxe4 ({Meier spent 40 minutes
convincing himself not to play the obvious} 13... Bf5 $5) 14. Qxe4 Kh8 15. Bg5
Qf7 16. Be3 Bf5 17. Qd5 Qxd5 18. cxd5 Nb4 {Now Adams blundered an exchange with
} 19. Nd2 $2 {His pieces apparently had plenty of room, and he half-joked
afterwards, "how could my rooks possibly get trapped?"} Bd3 $6 ({Georg Meier
was so happy that his opponent had blundered that he overlooked he could play} 
19... Nc2 $1 {and only then 20...Bd3.}) 20. Be4 $1 {this discouraged Meier to
the extent that he didn't take the exchange and played} Bxe4 {after which the
game soon fizzled out to a draw. Meier explained his thought processes: "I
thought Mickey blundered and instead of winning I blundered straight back. I
realised immediately what I'd just done so I tried to be solid."} 21. Nxe4 Nxd5
22. Nxd6 cxd6 23. Rad1 Nxe3 24. fxe3 Rxf1+ 25. Kxf1 Rd8 26. Rc1 Kg8 27. Rc7
Rf8+ 28. Ke2 Rf7 29. Rc8+ Rf8 30. Rc7 Rf7 31. Rc8+ Rf8 32. Rc7 1/2-1/2

[Event "ROM-GER Kings"]
[Site "Medias"]
[Date "2015.11.03"]
[Round "5.2"]
[White "Nevednichy, Vladislav"]
[Black "Bluebaum, Matthias"]
[Result "0-1"]
[WhiteElo "2557"]
[BlackElo "2588"]
[Annotator "CB"]
[PlyCount "88"]
[EventDate "2015.10.30"]
[EventType "schev"]
[EventRounds "5"]
[EventCountry "ROU"]
[SourceTitle "CBM 169"]
[Source "ChessBase"]
[SourceDate "2015.11.10"]
[SourceVersion "1"]
[SourceVersionDate "2015.11.10"]
[SourceQuality "1"]
[WhiteTeam "Romania"]
[BlackTeam "Germany"]
[WhiteTeamCountry "ROU"]
[BlackTeamCountry "GER"]
[TimeControl "40/5400+30:1800+30"]

1. e4 e6 2. d3 d5 3. Qe2 {Weiß spielt Königsindisch im Anzug.} Nc6 4. Nf3 {
[#]} d4 $5 {Ein selten gespielter Zug. Häufiger gespielt werden 4... Sf6, 4...
dxe4 oder 4...e5. Es ist interessant, was Schwarz hier vorbereitet hat.} 5. c3
e5 6. g3 Bg4 7. Nbd2 Be7 8. h3 Be6 9. Bg2 Qd7 {[#]} 10. c4 $6 {Vielleicht war
es keine gute Idee, das Zentrum zu schließen. Danach hat Schwarz mehr Raum
und Weiß muss sich entscheiden, ob er kurz oder lang rochiert - beide
Möglichkeiten sehen jedoch nicht allzu verlockend aus.} (10. cxd4 exd4 (10...
Nxd4 $2 11. Nxd4 exd4 12. f4 $16) 11. a3 O-O-O (11... a5 12. e5) 12. b4 $13)
10... a5 11. a3 Rb8 {[#]} 12. Qd1 $2 (12. Nxe5 $5 Nxe5 13. f4 Nc6 14. f5 Bd6
15. O-O Bxg3 16. Qg4 Be5 17. Nf3 $13) 12... h6 13. Rb1 Nf6 14. Qa4 O-O $17 15.
Qb5 Qd6 16. O-O Nd7 17. Ne1 Nc5 18. b4 axb4 19. axb4 Na6 20. c5 Qd7 21. Kh2 $2
{[#]} (21. Qa4 Ra8 22. b5 Nd8) (21. f4 Bxh3 22. f5 Bxg2 23. Kxg2 $15) 21... Ra8
$6 (21... b6 $1 22. Qxa6 Ra8 23. Qb5 bxc5 $19 {und die weiße Dame geht
verloren.}) 22. Nc4 Rfb8 23. Bd2 Qc8 24. Nb2 (24. Nf3 Bd7 25. Qa4 Naxb4 26. Qb3
Bxc5 27. Nfxe5 Nxe5 28. Nxe5 Be6 $17) 24... Qe8 25. Ra1 Ncxb4 26. Qxe8+ Rxe8
27. f4 Nc6 28. Nf3 Nxc5 29. fxe5 Nb3 30. Rab1 Nxd2 31. Nxd2 Nxe5 32. Nbc4 Nxd3
33. Rxb7 Rec8 34. Rfb1 Ra2 35. Kg1 Bg5 36. Rd1 Rc2 37. Bf1 Be3+ 38. Nxe3 dxe3
39. Bxd3 Rxd2 40. Rxd2 exd2 41. Be2 c5 42. Rb2 Rd8 43. Bd1 c4 44. Rc2 Rd3 0-1

[Event "Lopota FIDE GP (Women)"]
[Site "Lopota"]
[Date "2014.06.27"]
[Round "8"]
[White "Hou, Yifan"]
[Black "Harika, Dronavalli"]
[Result "1/2-1/2"]
[WhiteElo "2629"]
[BlackElo "2503"]
[Annotator "CB"]
[PlyCount "105"]
[EventDate "2014.06.19"]
[EventType "tourn"]
[EventRounds "11"]
[EventCountry "GEO"]
[EventCategory "11"]
[SourceTitle "CBM 161 Extra"]
[Source "ChessBase"]
[SourceDate "2014.08.29"]
[SourceVersion "1"]
[SourceVersionDate "2014.08.29"]
[SourceQuality "1"]

1. e4 e6 2. Qe2 c5 3. Nf3 Nc6 4. g3 d6 5. Bg2 g6 6. O-O Bg7 7. c3 e5 8. a4 Nge7
9. Na3 O-O 10. Nc4 h6 11. d3 Be6 12. Bd2 Re8 13. h3 b6 14. Rfe1 Qd7 15. b4 cxb4
16. cxb4 d5 17. exd5 Bxd5 18. Nfxe5 $2 (18. b5 Nd4 19. Nxd4 exd4 20. Qg4 $14)
18... Nxe5 19. Nxe5 Qb7 {All of White's pieces are hanging and her position
hangs by a thread.} 20. f4 Nf5 $2 (20... Rad8 $1 21. Qf2 Nc6 $15) 21. Qf2 Nd4
22. Rac1 Rad8 23. Bc3 Qa8 24. b5 $2 {A very strange move.} (24. Bxd4 Bxg2 25.
Kh2 $1 $16 {Black has compensation for the pawn, but it is not clear that it
is enough.}) 24... Nb3 $2 (24... Bxg2 25. Qxg2 (25. Bxd4 Bxh3 $15) 25... Bxe5
$17) 25. Rc2 Nc5 26. Bb4 $2 (26. d4 $14) 26... Bxe5 $2 (26... Rxe5 $1 27. fxe5
(27. Rxe5 Nxd3 28. Bxd5 Rxd5 29. Qf3 Bxe5 30. fxe5 Nxb4) 27... Nxd3 28. Qd2
Bxg2 29. Qxg2 Qxg2+ 30. Kxg2 Nxb4 $19) 27. Bxc5 Bxg2 28. Rxe5 Rxe5 29. fxe5
Bxh3 30. Bd6 Qd5 31. Qe3 Re8 32. Re2 Bg4 33. Qe4 Qxe4 34. Rxe4 Bf5 35. Rc4 Bxd3
36. Rc7 Ra8 37. Kf2 Bf5 38. Ke3 Be6 39. Kd4 g5 40. Rb7 h5 41. Rb8+ {securing
the draw in an opposite colored bishop endgame.} Rxb8 42. Bxb8 h4 43. gxh4 gxh4
44. Ke3 Bb3 45. Bxa7 Bxa4 46. Bxb6 Bxb5 47. Kf4 Bd7 48. Bd8 h3 49. Kg3 Be6 50.
Bf6 Bf5 51. Bd8 Be6 52. Bf6 Bf5 53. Bd8 1/2-1/2

[Event "Montreal International"]
[Site "Montreal"]
[Date "1979.04.12"]
[Round "2"]
[White "Ljubojevic, Ljubomir"]
[Black "Portisch, Lajos"]
[Result "1/2-1/2"]
[WhiteElo "2590"]
[BlackElo "2640"]
[Annotator "ChessBase"]
[PlyCount "103"]
[EventDate "1979.04.11"]
[EventType "tourn"]
[EventRounds "18"]
[EventCountry "CAN"]
[EventCategory "15"]
[SourceTitle "MCL"]
[Source "ChessBase"]
[SourceDate "1999.07.01"]
[SourceVersion "1"]
[SourceVersionDate "1999.07.01"]
[SourceQuality "1"]

1. e4 e6 2. d3 d5 3. Nd2 Nf6 4. Ngf3 Nc6 5. c3 $5 (5. g3 $6 dxe4 6. dxe4 e5 7.
Bg2 Bc5 $1) 5... Bd6 (5... a5 6. e5 Nd7 7. d4 b6 8. h4 Be7 9. Bb5 Ncb8 10. Nf1
Ba6 $13 {Ljubojevic,L-Portisch,L/Petropolis/1973/1/2-1/2/}) 6. b4 a5 {><c5} 7.
b5 dxe4 (7... Ne5 8. Nxe5 Bxe5 9. d4 Bf4 10. e5 $16) 8. dxe4 Ne5 9. Nxe5 Bxe5
10. Qc2 Nd7 (10... Bd6 11. Nc4 Bc5 12. Bg5 $36) (10... O-O 11. Nc4 Nd7 12. Ba3
Re8 13. Rd1 $36) 11. Nc4 Bf6 12. Be2 Ne5 13. Ne3 {/\f4} (13. Nxe5 Bxe5 14. O-O
$36 {/\f4}) 13... Be7 14. f4 Ng6 15. O-O Bc5 16. Kh1 O-O 17. Nc4 f5 (17... f6
$5) 18. Bd3 Qe7 (18... Qf6 $142 19. Bd2 {/\Rae1}) 19. Bd2 b6 20. Rae1 Qd7 21.
Be3 Be7 (21... Bxe3 22. Nxe3 {><f5}) 22. Bd4 Bb7 23. exf5 exf5 24. Ne5 Nxe5 25.
Rxe5 Be4 (25... g6 26. Bc4+ $18) 26. Bxe4 (26. Rxe4 $142 fxe4 27. Bxe4 Rae8 $2
28. Bxh7+ Kh8 29. Rf3 Bf6 30. Rh3 Re1+ 31. Bg1 $18) 26... fxe4 27. Qxe4 Bf6 28.
Rh5 g6 29. Rd5 Qe8 30. Qd3 c6 31. bxc6 Qxc6 32. Bxf6 Rxf6 33. h3 Raf8 $132 34.
Qd4 $1 Rxf4 35. Rxf4 Rxf4 36. Rd8+ Rf8 37. Rxf8+ Kxf8 38. Qh8+ Kf7 39. Qxh7+
Kf6 40. Qh4+ Ke6 41. Qg4+ Ke7 42. Qd4 (42. Qe2+ $142 Kd7 (42... Kf7 43. Qf3+
$18) 43. Qd3+ Kc7 44. Kh2 $16) 42... Kf7 43. h4 $6 (43. a4 b5 44. Qf4+ Ke6 45.
Qg5 bxa4 46. Qxg6+ Kd5 47. Qf5+ Kc4 48. Qxa5 Kb3 $10) (43. c4 $5 b5 44. c5) (
43. Kh2 $1) 43... a4 44. c4 Qe6 45. Kh2 Qe7 $1 46. Qf2+ Kg7 47. Qf4 a3 48. Qd4+
Kf7 49. Kg3 Qb4 $1 50. Qf2+ Kg7 51. Qd4+ Kf7 52. Qf2+ 1/2-1/2

[Event "Montreal International"]
[Site "Montreal"]
[Date "1979.04.24"]
[Round "10"]
[White "Ljubojevic, Ljubomir"]
[Black "Larsen, Bent"]
[Result "1/2-1/2"]
[WhiteElo "2590"]
[BlackElo "2620"]
[Annotator "ChessBase"]
[PlyCount "84"]
[EventDate "1979.04.11"]
[EventType "tourn"]
[EventRounds "18"]
[EventCountry "CAN"]
[EventCategory "15"]
[SourceTitle "MCL"]
[Source "ChessBase"]
[SourceDate "1999.07.01"]
[SourceVersion "1"]
[SourceVersionDate "1999.07.01"]
[SourceQuality "1"]

1. e4 e6 2. d3 b5 3. d4 Bb7 4. Nd2 Nf6 5. e5 Nd5 6. Ngf3 (6. Bxb5 Nf4 $1 7.
Ndf3 Nxg2+ 8. Kf1 Nh4 9. Bg5 Be7 $15) 6... a6 $2 (6... b4 $1) 7. Nb3 Nc6 8. c3
$1 {/\ 9.a4 b4 10.c4!} Nb6 9. Bd3 Be7 10. Qe2 (10. O-O d6 11. Re1 dxe5 12. dxe5
$132) 10... d6 11. O-O dxe5 12. Nxe5 $2 (12. dxe5 $1 O-O 13. Be3 {/\ Nc5} Na4 (
13... Nd5 14. a4 $1 (14. Nc5 $2 Nf4) 14... b4 (14... Nxe3 15. Qxe3 Qd5 16. Bc2
$16) 15. c4 Nxe3 16. Qxe3 $16) 14. Rad1 Qc8 15. Qc2 h6 (15... g6 16. h4) 16.
Qc1) 12... Nxe5 13. Qxe5 (13. dxe5 O-O 14. Be3 Na4 15. Rad1 Qc8 16. Qc2 g6 $132
) 13... O-O 14. Qg3 Bd6 15. Bf4 Na4 16. Rab1 Bxf4 17. Qxf4 Bd5 18. Be4 c6 19.
Rfe1 a5 20. Re3 $1 Qf6 21. Qg4 g6 22. Qe2 Rfb8 23. Nc1 Nb6 24. Bxd5 cxd5 25.
Nd3 Nc4 26. Rf3 Qg5 27. a3 $2 (27. Rd1 b4 28. b3 Nd6 29. Ne5 Rc8 30. c4) 27...
Qd2 $1 28. Qf1 (28. Re1 Qxe2 29. Rxe2 b4 $1 30. cxb4 axb4 31. Nxb4 $2 (31. axb4
Nxb2 $1) 31... Rxb4) 28... b4 29. axb4 axb4 30. Nxb4 Nxb2 31. Nc6 $1 Rb3 32.
Ne5 Rxc3 33. Rxf7 Rac8 (33... Qxd4 $1 {-/+ Larsen} 34. Nf3 (34. Rxb2 Qxe5 35.
Rbb7 Rca3 $17) 34... Qc5 35. Ng5 $1 $13 {/\Rg7}) 34. Re7 $1 Qxd4 (34... Rc1 35.
Re8+ $1) 35. Rxe6 Qf4 {/\Rc1} 36. Re1 d4 (36... Rc1 37. Nf3 (37. Nd3)) 37. Qb5
$1 Rc1 38. Re8+ (38. Nf3 $5) 38... Rxe8 39. Qxe8+ Kg7 40. Qd7+ Kg8 (40... Kh6
41. Ng4+ Kh5 42. Qxh7+ $1 Kxg4 43. Qxg6+) 41. Qe8+ Kg7 42. Qd7+ Kg8 1/2-1/2

[Event "BL2-Sued 9394"]
[Site "Germany"]
[Date "1994.??.??"]
[Round "?.8"]
[White "Staiger, Frank"]
[Black "Bialas, Wolfram"]
[Result "0-1"]
[WhiteElo "2315"]
[BlackElo "2310"]
[Annotator "ChessBase"]
[PlyCount "102"]
[EventDate "1993.10.??"]
[EventType "team-tourn"]
[EventRounds "9"]
[EventCountry "GER"]
[SourceTitle "GER-chT2"]
[Source "ChessBase"]
[SourceDate "1999.07.01"]
[SourceVersion "1"]
[SourceVersionDate "1999.07.01"]
[SourceQuality "1"]
[WhiteTeam "Eppingen"]
[BlackTeam "Sindelfingen"]
[WhiteTeamCountry "GER"]
[BlackTeamCountry "GER"]

1. c4 e6 2. e4 d5 3. cxd5 exd5 4. exd5 Nf6 5. Bb5+ Nbd7 6. Nc3 Be7 7. d3 O-O 8.
Be3 a6 9. Ba4 Nc5 10. Bb3 b5 11. Nge2 Bb7 12. Bxc5 Bxc5 13. Qc2 Bb6 14. O-O
Nxd5 15. Nxd5 Bxd5 16. Bxd5 Qxd5 17. a4 Rad8 18. Rfd1 b4 19. Qc4 Rfe8 20. Qxd5
Rxd5 21. Rd2 c5 22. b3 Bd8 23. Rad1 Bf6 24. g3 g5 25. g4 Red8 26. Kf1 Kf8 27.
f3 Be5 28. h3 f6 29. Kf2 Kf7 30. Kf1 (30. Rc2 $15) 30... Kg7 31. Kf2 Kg6 32. f4
Bc3 33. Nxc3 bxc3 34. Rc2 Rxd3 35. Rdc1 Rd2+ 36. Kf1 Rxc2 37. Rxc2 Rd3 38. fxg5
Kxg5 39. Ke1 Rxh3 40. Rf2 Kxg4 (40... Rh1+ 41. Ke2 c2) 41. Kd1 f5 42. Rg2+ Rg3
43. Re2 h5 44. Re6 a5 45. Rg6+ Kf4 46. Rh6 Kg5 47. Rh8 h4 48. Rg8+ Kf4 49. Rc8
h3 50. Rh8 Kf3 51. Kc2 Kg2 0-1

[Event "Berliner Sommer 16th"]
[Site "Berlin"]
[Date "1998.??.??"]
[Round "6"]
[White "Chuchelov, Vladimir"]
[Black "Muir, Andrew Joseph"]
[Result "1-0"]
[WhiteElo "2540"]
[BlackElo "2305"]
[Annotator "Chuchelov,V"]
[PlyCount "79"]
[EventDate "1998.08.08"]
[EventType "swiss"]
[EventRounds "9"]
[EventCountry "GER"]
[SourceTitle "CBM 066 Extra"]
[Source "ChessBase"]
[SourceDate "1998.11.06"]
[SourceVersion "1"]
[SourceVersionDate "1998.11.06"]
[SourceQuality "1"]

1. Nf3 d5 2. g3 Nf6 3. Bg2 e6 4. O-O Be7 5. d3 O-O 6. Nbd2 c5 7. e4 Nc6 8. Re1
b5 9. e5 Nd7 10. Nf1 a5 11. h4 b4 12. N1h2 Ba6 13. Ng4 a4 14. Bg5 Nd4 15. Qd2
$146 Nxf3+ 16. Bxf3 c4 17. d4 c3 $6 (17... Rb8 $5 $13) 18. bxc3 bxc3 19. Qe3
Rb8 (19... Bxg5 20. hxg5 Qc7 21. Kg2 Rfb8 22. Rh1 Nf8 23. Nf6+) (19... h6 20.
Bxe7 (20. Bf4 $5) 20... Qxe7 21. Qxc3 Rfc8 22. Qd2 Qa3) 20. Rab1 $5 (20. Bxe7
Qxe7 21. Qxc3 Rfc8 22. Qa5 Ra8 23. Qd2 Qa3 24. Ne3 Rab8 $44) 20... Rb2 21. Bxe7
Qxe7 22. Qxc3 Rxa2 23. Ne3 $16 Nb8 (23... Qa3 24. Qc7 Bc8 25. c4 dxc4 26. Bb7)
24. Rb6 a3 25. Reb1 Qa7 26. Qb3 Rb2 27. Rxb2 axb2 28. Qxb2 Rc8 29. Bg4 $1 Rd8
30. Qb4 Qc7 31. c3 g6 32. h5 Kg7 33. Kg2 Nc6 $138 34. Rxc6 $1 $18 Qxc6 35. Qe7
Re8 (35... Qe8 36. Qf6+ Kg8 37. h6 Qf8 38. Bxe6 fxe6 39. Qxe6+ Qf7 40. Qxa6)
36. h6+ Kxh6 37. Qf6 Qd7 38. Bf3 Qe7 39. Ng4+ Kh5 40. Qg7 1-0

[Event "Mondariz zt 1.1"]
[Site "Mondariz"]
[Date "2000.??.??"]
[Round "2"]
[White "Chuchelov, Vladimir"]
[Black "Speelman, Jonathan S"]
[Result "1-0"]
[WhiteElo "2535"]
[BlackElo "2623"]
[Annotator "Chuchelov,V"]
[PlyCount "79"]
[EventDate "2000.09.03"]
[EventType "swiss"]
[EventRounds "11"]
[EventCountry "ESP"]
[SourceTitle "CBM 079"]
[Source "ChessBase"]
[SourceDate "2000.11.21"]
[SourceVersion "1"]
[SourceVersionDate "2000.11.21"]
[SourceQuality "1"]

1. Nf3 b6 2. e4 Bb7 3. d3 e6 4. g3 d5 5. Qe2 dxe4 6. dxe4 Ba6 7. Qe3 (7. Qd2
Qxd2+ 8. Bxd2 Bxf1 9. Rxf1 Nc6 $11) 7... Bc5 8. Qb3 Bxf1 9. Rxf1 Ne7 10. Ke2 (
10. Be3 $5 Bxe3 11. Qxe3 O-O 12. Nbd2 Nbc6 13. O-O-O $14) 10... O-O 11. Nc3
Nec6 (11... Nbc6 12. Rd1 Qc8 13. Kf1 Rd8 $11) 12. Rd1 Qf6 13. Bf4 (13. Bg5 Qg6
14. Bf4 Qh5 $36) 13... e5 $6 (13... Nd4+ $1 14. Nxd4 (14. Rxd4 Bxd4 15. e5 Qd8)
14... Bxd4 15. Rd3 $13) 14. Be3 Nd4+ (14... Bxe3 15. Nd5 Qd6 16. Qxe3 $16) 15.
Bxd4 exd4 16. Nd5 Qd8 17. c3 $1 Qe8 (17... dxc3 $5 18. Qxc3 (18. Nxb6 Qe7)
18... c6 19. Nf4 Qe7 $13) 18. e5 (18. Qc2 $5 $16) 18... dxc3 19. Qxc3 (19. Nxc7
Qc6) 19... Na6 20. Kf1 c6 21. Nf4 Nc7 22. b4 Be7 23. Nd4 c5 24. Nf5 Ne6 25. Nd5
Bd8 26. Qf3 $16 cxb4 27. Nxb4 Qb5+ (27... Bc7 28. Nc6 f6 29. Nd6 $16) 28. Kg2
Bc7 29. Nc6 Ng5 30. Qc3 Ne6 31. Rd7 g6 32. Nfe7+ Kh8 33. Rad1 Qe2 34. Qb4 $1
Bxe5 $2 (34... Qh5 35. h4 $16 g5 $140 36. g4 Qxh4 37. Nf5 $18) 35. Re1 Qb2 36.
Rxe5 $18 Qxb4 37. Nxb4 Nc5 38. Rd1 Rad8 39. Rxd8 Rxd8 40. Rd5 1-0